Normal view
MARC view
Entry Personal Name
001 - CONTROL NUMBER
- control field: 707257
003 - CONTROL NUMBER IDENTIFIER
- control field: OSt
005 - DATE AND TIME OF LATEST TRANSACTION
- control field: 20221007110229.0
008 - FIXED-LENGTH DATA ELEMENTS
- fixed length control field: 221007|| aca||aabn | a|a d
040 ## - CATALOGING SOURCE
- Original cataloging agency: OSt
- Transcribing agency: OSt
100 ## - HEADING--PERSONAL NAME
- Personal name: Johnson D.H.N
670 ## - SOURCE DATA FOUND
- Source citation: Work cat.: (OSt)1190217: Johnson D.H.N., Rights in Air Space, 1965
